000 00729nam a2200265Ia 4500
005 20260302114721.0
008 008 260114s9999 xx 000 0 eng d
020 _a9781501377693
037 _aTextbook
040 _aCRL
040 _beng
040 _cCRL
041 _2eng
041 _aeng
084 _qCRL
100 _aNicole Simek
_91047174
245 0 _aAlchemies of Blood and Afro-Diasporic Fiction Race, Kinship, and the Passion for Ontology
260 _bBloomsbury
260 _bBloomsbury Academic
260 _c2023
650 _aLiterary Studies
856 _uhttps://doi.org/10.5040/9781501377693?locatt=label:secondary_bloomsburyCollections
942 _cEBOOK
999 _c1683589
_d1683589